ADO. Net: The complete reference (Record no. 130399)
[ view plain ]
| 000 -LEADER | |
|---|---|
| fixed length control field | 00368nam a2200145Ia 4500 |
| 008 - FIXED-LENGTH DATA ELEMENTS--GENERAL INFORMATION | |
| fixed length control field | 230917s9999||||xx |||||||||||||| ||und|| |
| 040 ## - CATALOGING SOURCE | |
| -- | 110239 |
| Original cataloging agency | VIVEKANANDA LIBRARY |
| 041 ## - Language | |
| -- | English |
| 082 ## - DDC NUMBER | |
| Classification number | 005.133 O2A |
| 100 ## - MAIN ENTRY--PERSONAL NAME | |
| Personal name | Otey, Michael |
| 245 #0 - TITLE STATEMENT | |
| Title | ADO. Net: The complete reference |
| 260 ## - PUBLICATION, DISTRIBUTION, ETC. (IMPRINT) | |
| Place of publication, distribution, etc | New Delhi |
| Name of publisher, distributor, etc | Tata McGraw-Hill |
| Date of publication, distribution, etc | 2003 |
| 300 ## - PHYSICAL DESCRIPTION | |
| Pages | xvii, 947 p. |
| 942 ## - ADDED ENTRY ELEMENTS (KOHA) | |
| Koha item type | Books |
| Withdrawn status | Lost status | Damaged status | Not for loan | Location (home branch) | Sublocation or collection (holding branch) | Shelving location | Date acquired | Koha issues (times borrowed) | Koha full call number | Accession No. | Koha date last seen | Koha item type |
|---|---|---|---|---|---|---|---|---|---|---|---|---|
| VIVEKANANDA LIBRARY | VIVEKANANDA LIBRARY | UIET Library | 07/07/2006 | 005.133 O2A | 228589 | 17/09/2023 | Books | |||||
| VIVEKANANDA LIBRARY | VIVEKANANDA LIBRARY | UIET Library | 07/07/2006 | 005.133 O2A | 228590 | 17/09/2023 | Books | |||||
| VIVEKANANDA LIBRARY | VIVEKANANDA LIBRARY | 07/07/2006 | 005.133 O2A | 228591 | 17/09/2023 | Books | ||||||
| VIVEKANANDA LIBRARY | VIVEKANANDA LIBRARY | UIET Library | 07/07/2006 | 005.133 O2A | 240264 | 17/09/2023 | Books | |||||
| VIVEKANANDA LIBRARY | VIVEKANANDA LIBRARY | UIET Library | 07/07/2006 | 005.133 O2A | 240265 | 17/09/2023 | Books | |||||
| VIVEKANANDA LIBRARY | VIVEKANANDA LIBRARY | UIET Library | 07/07/2006 | 005.133 O2A | 240266 | 17/09/2023 | Books | |||||
| VIVEKANANDA LIBRARY | VIVEKANANDA LIBRARY | UIET Library | 07/07/2006 | 005.133 O2A | 286194 | 17/09/2023 | Books | |||||
| VIVEKANANDA LIBRARY | VIVEKANANDA LIBRARY | UIET Library | 07/07/2006 | 005.133 O2A | 286195 | 17/09/2023 | Books | |||||
| VIVEKANANDA LIBRARY | VIVEKANANDA LIBRARY | UIET Library | 07/07/2006 | 005.133 O2A | 286196 | 17/09/2023 | Books | |||||
| VIVEKANANDA LIBRARY | VIVEKANANDA LIBRARY | UIET Library | 07/07/2006 | 005.133 O2A | 286197 | 17/09/2023 | Books | |||||
| VIVEKANANDA LIBRARY | VIVEKANANDA LIBRARY | UIET Library | 07/07/2006 | 005.133 O2A | 286198 | 17/09/2023 | Books | |||||
| VIVEKANANDA LIBRARY | VIVEKANANDA LIBRARY | UIET Library | 07/07/2006 | 005.133 O2A | 286199 | 17/09/2023 | Books | |||||
| VIVEKANANDA LIBRARY | VIVEKANANDA LIBRARY | UIET Library | 07/07/2006 | 005.133 O2A | 286200 | 17/09/2023 | Books | |||||
| VIVEKANANDA LIBRARY | VIVEKANANDA LIBRARY | UIET Library | 07/07/2006 | 005.133 O2A | 286201 | 17/09/2023 | Books | |||||
| VIVEKANANDA LIBRARY | VIVEKANANDA LIBRARY | UIET Library | 07/07/2006 | 005.133 O2A | 286202 | 17/09/2023 | Books | |||||
| VIVEKANANDA LIBRARY | VIVEKANANDA LIBRARY | UIET Library | 07/07/2006 | 005.133 O2A | 286203 | 17/09/2023 | Books |
